| 000 | 00971nam a2200301Ia 4500 | ||
|---|---|---|---|
| 001 | 88864 | ||
| 003 | IT-RoPAU | ||
| 008 | 130308s9999 xx 000 0 und d | ||
| 040 | _aIT-RoPAU | ||
| 040 | _cIT-RoPAU | ||
| 041 | _aSPAGNOLO | ||
| 100 | _aAA.VV. | ||
| 100 | _gCodice Aut. SPICS: 12000 | ||
| 245 | _aCooperador Paulino-Comunicacion social y pastoral N. 54 1989 | ||
| 245 | _bCooperador Paulino-Comunicacion Social Y pastoral N. 54 1989 | ||
| 250 | _a1a ed. | ||
| 260 | _aMADRID | ||
| 260 | _bEdiciones Paulinas | ||
| 260 | _c1989 [1° Ed.:1989 - Ed.Ling.Originale:1989] | ||
| 300 | _a"52 p. (prefazione: no ; testo: 52 [pagine: 0-0])" | ||
| 500 | _aCooperatore Paolino Comunicazione Sociale e Pastorale contributi di Autori vari Beato Timoteo Giaccardo da Alba All'Evangelizzazione del Mondo | ||
| 650 | _aAUTORI/OPERE FAMIGLIA PAOLINA | ||
| 650 | _eCodice materia Spics: 9903 | ||
| 942 | _cBK | ||
| 957 | _71 | ||
| 999 |
_c76278 _d76278 |
||
| 999 | _bSI | ||
| 999 | _g1 | ||